000 01058nam a2200325Ia 4500
003 OSt
005 20220912144916.0
006 a|||||r|||| 00| 0
007 ta
008 220909b |||||||| |||| 00| 0 eng d
020 _a9781402092909
024 _a87117
037 _b097, 15/12/2009, Apple Books
037 _cTextbook
040 _aCSL
_beng
_cCSL
041 _aeng
082 _aJB:95, P8 TEMDE
100 _aPaine Timothy D Ed.
245 0 _aInvasive forest insects, introduced forest trees and altered eco-systems:ecological pest management in global forests of a changing world
260 _aDordrecht
_bSpringer
_c2008
300 _aix, 189p.
_ccm.
500 _aIncludes bibliographical references.; Index 171- 189p.
650 _a Ecology
650 _a Forests and forestry
650 _a Invertebrates
650 _a Plant diseases
650 _aEnvironment Management
942 _hJB:95, P8 TEMDE
_cTB
_2CC
999 _c18853
_d18853